[Event "Aberto Brasil - II Niterói Chess Open "]
[Site "Salão de Convenções do Hot"]
[Date "2022.09.03"]
[Round "4.28"]
[White "Piccoli, Lucas Fonseca"]
[Black "Castro Silva, Alex"]
[Result "1-0"]
[WhiteElo "2156"]
[BlackElo "1928"]
[PlyCount "91"]
[EventDate "2022.09.01"]
[EventRounds "9"]
[EventCountry "BRA"]

1. e4 e5 2. Nf3 d6 3. d4 Nf6 4. Nc3 Nbd7 5. Bc4 Be7 6. O-O O-O 7. Re1 c6 8. a4
b6 9. Qe2 Bb7 10. Rd1 Qc7 11. d5 c5 12. Nh4 a6 13. Nf5 Rfe8 14. Rd3 Bf8 15. Rg3
Kh8 16. Ra3 Reb8 17. Qf3 b5 18. axb5 axb5 19. Nxb5 Rxa3 20. Nxa3 Qa5 21. Qe2
Bc8 22. Rd3 Nb6 23. Rd1 Qb4 24. f3 Na4 25. Bb3 Qa5 26. Nc4 Ba6 27. Bd2 Qb5 28.
Qe1 Nb6 29. Nfxd6 Bxd6 30. Nxd6 Qd7 31. Ra1 c4 32. Nf5 cxb3 33. Rxa6 bxc2 34.
Qg3 Ne8 35. Qxe5 Qb7 36. Qe7 Qxe7 37. Nxe7 Nc4 38. Bc1 Nxb2 39. Ra3 Nd1 40. Ra2
Rb7 41. Nc6 Nd6 42. Rxc2 h5 43. e5 Nb5 44. d6 Ndc3 45. Bb2 Nd1 46. Rd2 1-0

[Event "Aberto Brasil - II Niterói Chess Open "]
[Site "Salão de Convenções do Hot"]
[Date "2022.09.03"]
[Round "4.29"]
[White "Da Cunha, Fabio Barbosa"]
[Black "Silva, Marcelo Dos Santos"]
[Result "1/2-1/2"]
[WhiteElo "2130"]
[BlackElo "1921"]
[PlyCount "45"]
[EventDate "2022.09.01"]
[EventRounds "9"]
[EventCountry "BRA"]

1. e4 c5 2. Nf3 d6 3. d4 cxd4 4. Nxd4 Nf6 5. Nc3 g6 6. Be3 Bg7 7. h3 Nc6 8. Bc4
Bd7 9. Qd2 O-O 10. h4 Rc8 11. Bb3 h5 12. O-O-O Ne5 13. g4 hxg4 14. h5 Nc4 15.
Bxc4 Rxc4 16. hxg6 Rxc3 17. gxf7+ Kxf7 18. Qxc3 Qc8 19. Qb3+ Be6 20. Nxe6 Qxe6
21. Qxe6+ Kxe6 22. Bh6 Bxh6+ 23. Rxh6 {ilegivel} 1/2-1/2

[Event "Aberto Brasil - II Niterói Chess Open "]
[Site "Salão de Convenções do Hot"]
[Date "2022.09.03"]
[Round "4.30"]
[White "Lage, Pedro Ferreira"]
[Black "De Souza, Felipe Guimaraes"]
[Result "1/2-1/2"]
[WhiteElo "2119"]
[BlackElo "1893"]
[PlyCount "27"]
[EventDate "2022.09.01"]
[EventRounds "9"]
[EventCountry "BRA"]

1. Nf3 d5 2. g3 c5 3. Bg2 Nf6 4. O-O Nc6 5. d4 e6 6. c4 dxc4 7. Qa4 Bd7 8. Qxc4
b5 9. Qd3 c4 10. Qd1 Rc8 11. Bf4 Be7 12. Re1 O-O 13. e4 Be8 14. b3 1/2-1/2

[Event "Aberto Brasil - II Niterói Chess Open "]
[Site "Salão de Convenções do Hot"]
[Date "2022.09.03"]
[Round "4.31"]
[White "Rodrigues, Nei Jorge"]
[Black "Dias, Simao Poscidonio"]
[Result "0-1"]
[WhiteElo "1850"]
[BlackElo "2060"]
[PlyCount "90"]
[EventDate "2022.09.01"]
[EventRounds "9"]
[EventCountry "BRA"]

1. d4 d5 2. c4 e6 3. Nc3 Be7 4. Nf3 Nf6 5. Bg5 h6 6. Bh4 O-O 7. e3 b6 8. cxd5
exd5 9. Rc1 Be6 10. Bd3 Nbd7 11. O-O c5 12. h3 a6 13. dxc5 Nxc5 14. Bb1 Rc8 15.
Nd4 Qd7 16. Qe2 Qb7 17. f3 Rfe8 18. Rfd1 b5 19. Qd2 b4 20. Nce2 Qb6 21. g4 Nh7
22. Bxe7 Rxe7 23. Nf4 Rec7 24. h4 Nf8 25. g5 hxg5 26. hxg5 Qd6 27. Qh2 Qe5 28.
Re1 Qxg5+ 29. Kf2 Ne4+ 30. Bxe4 Rxc1 31. Rxc1 Rxc1 32. Bc2 g6 33. Nfe2 Ra1 34.
Nb3 Rxa2 35. Ned4 a5 36. Qh1 a4 37. f4 Qh5 38. Qxh5 gxh5 39. Nc5 b3 40. Bd3
Rxb2+ 41. Kg3 Bd7 42. f5 Rd2 43. Bb1 Rd1 44. Bd3 b2 45. Bc2 Rc1 0-1

[Event "Aberto Brasil - II Niterói Chess Open "]
[Site "Salão de Convenções do Hot"]
[Date "2022.09.03"]
[Round "4.32"]
[White "Almeida Junior, Alvaro Alves De"]
[Black "Jorge, Denrick Cabral Jose"]
[Result "1-0"]
[WhiteElo "2044"]
[BlackElo "1892"]
[PlyCount "53"]
[EventDate "2022.09.01"]
[EventRounds "9"]
[EventCountry "BRA"]

1. e4 c5 2. Nf3 d6 3. d4 cxd4 4. Nxd4 Nf6 5. f3 Nc6 6. Nc3 g6 7. Be3 Bg7 8. Qd2
Nxd4 9. Bxd4 O-O 10. O-O-O Be6 11. g4 Qa5 12. Kb1 Kh8 13. h4 h5 14. gxh5 Nxh5
15. Qh6+ Kg8 16. Bxg7 Nxg7 17. h5 g5 18. Bh3 Bc4 19. Rd5 Bxd5 20. Nxd5 Qd8 21.
Qxg5 Kh7 22. Nxe7 Rg8 23. Bf5+ Nxf5 24. Qxf5+ Kh8 25. Ng6+ Kh7 26. Ne5+ Kg7 27.
h6+ 1-0

[Event "Aberto Brasil - II Niterói Chess Open "]
[Site "Salão de Convenções do Hot"]
[Date "2022.09.03"]
[Round "4.33"]
[White "Campos, Alexandre Ferreira"]
[Black "Dos Santos, Fabricio Ferreira"]
[Result "1-0"]
[WhiteElo "2042"]
[BlackElo "1882"]
[PlyCount "85"]
[EventDate "2022.09.01"]
[EventRounds "9"]
[EventCountry "BRA"]

1. d4 d5 2. Nf3 e6 3. c4 c5 4. cxd5 exd5 5. e3 Nf6 6. Bb5+ Bd7 7. Bxd7+ Nbxd7
8. O-O Bd6 9. dxc5 Nxc5 10. Nc3 a6 11. b4 Nce4 12. Bb2 O-O 13. Qb3 Qe7 14. a3
Rfd8 15. Rad1 Qe6 16. Rd3 Rd7 17. Rfd1 Rad8 18. h3 Qf5 19. Ne2 g5 20. Bxf6 Nxf6
21. Nfd4 Qg6 22. g3 h5 23. R3d2 Bb8 24. Qd3 Ne4 25. Rc2 h4 26. g4 Qd6 27. f4
Qf6 28. Rf1 gxf4 29. exf4 Ba7 30. Kg2 Ng3 31. Nxg3 Qxd4 32. Qxd4 Bxd4 33. Nf5
Bb6 34. Rd2 Rc8 35. Rfd1 Rc3 36. Rd3 Rc4 37. Kf3 Bc7 38. Rd4 Rc3+ 39. R1d3 Rc1
40. Rxd5 Rf1+ 41. Ke3 Bxf4+ 42. Ke2 Rxd5 43. Ne7+ 1-0

[Event "Aberto Brasil - II Niterói Chess Open "]
[Site "Salão de Convenções do Hot"]
[Date "2022.09.03"]
[Round "4.34"]
[White "Da Matta, Eduardo Cesar"]
[Black "Cruz, Natan Gomes"]
[Result "1-0"]
[WhiteElo "2038"]
[BlackElo "1881"]
[PlyCount "129"]
[EventDate "2022.09.01"]
[EventRounds "9"]
[EventCountry "BRA"]

1. d4 d5 2. c4 c6 3. cxd5 cxd5 4. Nf3 e6 5. Nc3 Nf6 6. Ne5 Nc6 7. f4 Bd6 8. e3
a6 9. Bd3 Bd7 10. O-O Rc8 11. Bd2 b5 12. Qf3 Na5 13. Be1 b4 14. Ne2 Bb5 15.
Bxb5+ axb5 16. Bh4 Nc4 17. Qg3 g6 18. Rfc1 Be7 19. Bxf6 Bxf6 20. b3 Na5 21.
Rxc8 Qxc8 22. Rc1 Qb7 23. Qe1 Be7 24. Rc2 O-O 25. Qc1 Bd6 26. Kh1 Ra8 27. Ng1
Kg7 28. Ngf3 f6 29. Nd3 Kg8 30. h4 Re8 31. g4 Qa8 32. g5 fxg5 33. hxg5 Qb8 34.
Nfe5 Qb7 35. Ng4 Rd8 36. Nf6+ Kg7 37. Ng4 Qf7 38. Nde5 Qf5 39. Rc7+ Kf8 40.
Rf7+ Qxf7 41. Nxf7 Kxf7 42. Kg2 Ra8 43. Kf3 Rd8 44. Qh1 Rh8 45. Ne5+ Bxe5 46.
fxe5 Nc6 47. Qf1 Rb8 48. Qd3 Rb7 49. Kg3 Ke7 50. Qc2 Rc7 51. Qc5+ Kf7 52. Qd6
Rc8 53. Qd7+ Ne7 54. Qxb5 Rc2 55. Qxb4 Rxa2 56. Qb7 Rb2 57. b4 Rb3 58. Kf2 Kf8
59. b5 Nf5 60. Qc8+ Kf7 61. Qc7+ Kf8 62. b6 Nxd4 63. exd4 Rb2+ 64. Ke3 Rb1 65.
Kd2 1-0

[Event "Aberto Brasil - II Niterói Chess Open "]
[Site "Salão de Convenções do Hot"]
[Date "2022.09.03"]
[Round "4.35"]
[White "Urquiza, Marcello De Albuque"]
[Black "Martins de Aguiar, Marina"]
[Result "1/2-1/2"]
[WhiteElo "2018"]
[BlackElo "1873"]
[PlyCount "70"]
[EventDate "2022.09.01"]
[EventRounds "9"]
[EventCountry "BRA"]

1. e4 c5 2. Nf3 e6 3. d4 cxd4 4. Nxd4 Nf6 5. Nc3 Nc6 6. Ndb5 Bb4 7. a3 Bxc3+ 8.
Nxc3 d5 9. Bd3 dxe4 10. Nxe4 Nxe4 11. Bxe4 Qxd1+ 12. Kxd1 O-O 13. c3 Rd8+ 14.
Ke2 e5 15. Be3 f5 16. Bxc6 bxc6 17. Rhd1 Ba6+ 18. Ke1 Bd3 19. f3 a5 20. b4 a4
21. Bb6 Rd5 22. Kf2 Rb8 23. Bc7 Re8 24. Bb6 Re7 25. Rd2 Kf7 26. Rad1 Red7 27.
g3 Ke6 28. f4 exf4 29. gxf4 Be4 30. Bd4 Rd8 31. Ke3 h6 32. h4 R5d7 33. c4 Rd6
34. Rg1 Kf7 35. h5 R6d7 1/2-1/2

[Event "Aberto Brasil - II Niterói Chess Open "]
[Site "Salão de Convenções do Hot"]
[Date "2022.09.03"]
[Round "4.36"]
[White "Morais, Wagner Soares De"]
[Black "Santos Filho, Tadeu Sousa"]
[Result "0-1"]
[WhiteElo "1845"]
[BlackElo "2015"]
[PlyCount "112"]
[EventDate "2022.09.01"]
[EventRounds "9"]
[EventCountry "BRA"]

1. d4 d6 2. e4 Nf6 3. Nc3 g6 4. Bf4 Bg7 5. Qd2 h6 6. O-O-O g5 7. Be3 Ng4 8. Bc4
c6 9. Nge2 b5 10. Bb3 a5 11. a4 b4 12. Na2 e6 13. Kb1 Bb7 14. f3 Nxe3 15. Qxe3
Nd7 16. e5 d5 17. f4 gxf4 18. Nxf4 Qg5 19. h4 Qg4 20. h5 Bf8 21. Rdf1 c5 22.
dxc5 Bxc5 23. Qe1 Qg5 24. Bxd5 Bxd5 25. Nxd5 exd5 26. e6 Nf6 27. exf7+ Kxf7 28.
Rh3 Rhe8 29. Qd1 Re3 30. Rhh1 Rae8 31. Nc1 Kg7 32. Nd3 Bd6 33. Rf3 R8e6 34.
Rhf1 Rxf3 35. gxf3 Qxh5 36. Rg1+ Kh7 37. Qf1 Re8 38. Qf2 Qf7 39. Qh4 Rg8 40.
Rh1 Rg6 41. Qh3 Ng8 42. Qh5 Ne7 43. Nf2 Rg1+ 44. Ka2 Qxh5 45. Rxh5 Kg6 46. Rh3
Rg3 47. Rh1 Rxf3 48. Nd3 h5 49. Re1 Kf6 50. Rh1 Kg5 51. Re1 h4 52. Re6 Rf6 53.
Re1 h3 54. Rg1+ Kh4 55. Rg7 Nf5 56. Rg8 Nh6 0-1

[Event "Aberto Brasil - II Niterói Chess Open "]
[Site "Salão de Convenções do Hot"]
[Date "2022.09.03"]
[Round "4.37"]
[White "De Albuquerque, Pedro Henrique Corr"]
[Black "Gomes, Pedro Pessoa"]
[Result "1-0"]
[WhiteElo "1835"]
[BlackElo "2004"]
[PlyCount "46"]
[EventDate "2022.09.01"]
[EventRounds "9"]
[EventCountry "BRA"]

1. e4 c5 2. Nf3 g6 3. d4 cxd4 4. Nxd4 Bg7 5. Nc3 Nc6 6. Be3 Nf6 7. Bc4 O-O 8.
Bb3 d6 9. f3 Bd7 10. Qd2 Nxd4 11. Bxd4 b5 12. h4 Bc6 13. h5 e6 14. hxg6 hxg6
15. g4 Re8 16. O-O-O b4 17. Ne2 a5 18. g5 Nh5 19. Bxg7 Kxg7 20. Nf4 Nxf4 21.
Qxf4 d5 22. Qe5+ Kf8 23. exd5 Bxd5 1-0

[Event "Aberto Brasil - II Niterói Chess Open "]
[Site "Salão de Convenções do Hot"]
[Date "2022.09.03"]
[Round "4.38"]
[White "Lima, Vinicius Taishun"]
[Black "Bastos, Gabriel Andrade"]
[Result "0-1"]
[WhiteElo "2002"]
[BlackElo "1857"]
[PlyCount "64"]
[EventDate "2022.09.01"]
[EventRounds "9"]
[EventCountry "BRA"]

1. e4 c5 2. Nf3 g6 3. d4 cxd4 4. Nxd4 Bg7 5. Nc3 Nc6 6. Be3 Nf6 7. Bc4 O-O 8.
Bb3 Re8 9. f3 e6 10. f4 Nd5 11. Nxc6 bxc6 12. exd5 exd5 13. Kf2 Rxe3 14. Kxe3
d4+ 15. Kf3 dxc3 16. Qd6 cxb2 17. Rae1 Qf8 18. Qxf8+ Kxf8 19. Re3 d5 20. g4 Be6
21. Re2 a5 22. a4 Re8 23. h3 Bf6 24. Kg3 Rb8 25. Rb1 Re8 26. Rbe1 Bd7 27. Rxe8+
Bxe8 28. Kf3 Bc3 29. Rb1 c5 30. Bxd5 Bxa4 31. Bb3 Bb5 32. Bd5 c4 0-1

[Event "Aberto Brasil - II Niterói Chess Open "]
[Site "Salão de Convenções do Hot"]
[Date "2022.09.03"]
[Round "4.39"]
[White "Dianda, Joao Carlos"]
[Black "Domingues, Pedro Henrique Da S"]
[Result "1/2-1/2"]
[WhiteElo "2000"]
[BlackElo "1841"]
[PlyCount "76"]
[EventDate "2022.09.01"]
[EventRounds "9"]
[EventCountry "BRA"]

1. d4 Nf6 2. c4 g6 3. Nc3 Bg7 4. e4 d6 5. h3 O-O 6. Bg5 c5 7. d5 h6 8. Be3 e6
9. Bd3 exd5 10. cxd5 Re8 11. Nf3 Nbd7 12. O-O a6 13. a4 Qc7 14. Qd2 Kh7 15.
Rfe1 c4 16. Bc2 Nc5 17. Bd4 Ncd7 18. a5 b5 19. axb6 Nxb6 20. e5 dxe5 21. Bxe5
Qd8 22. Qf4 Ra7 23. Qd4 Rd7 24. Qf4 Nbxd5 25. Nxd5 Nxd5 26. Qxc4 Bxe5 27. Rxe5
Rxe5 28. Nxe5 Rc7 29. Qa4 Be6 30. Bb3 Nb6 31. Qb4 Nd5 32. Qa4 Qf6 33. Bxd5 Bxd5
34. Ng4 Qxb2 35. Qxa6 Rc1+ 36. Rxc1 Qxc1+ 37. Kh2 Qf4+ 38. Kg1 Qc1+ 1/2-1/2

[Event "Aberto Brasil - II Niterói Chess Open "]
[Site "Salão de Convenções do Hot"]
[Date "2022.09.03"]
[Round "4.40"]
[White "Ramos, Angelo Bil"]
[Black "Santos, Abel Cardoso Dos"]
[Result "0-1"]
[WhiteElo "1996"]
[BlackElo "1826"]
[PlyCount "104"]
[EventDate "2022.09.01"]
[EventRounds "9"]
[EventCountry "BRA"]

1. d4 Nf6 2. c4 g6 3. Nc3 Bg7 4. e4 d6 5. Be2 Nbd7 6. Nf3 e5 7. h3 O-O 8. Be3
Re8 9. d5 Nc5 10. Qc2 a5 11. g4 c6 12. dxc6 bxc6 13. Rd1 Ne6 14. Nxe5 Bb7 15.
c5 d5 16. Nc4 Qc7 17. Nd6 d4 18. Bxd4 Nxd4 19. Rxd4 Re7 20. Rd1 Nd7 21. Na4 Bh6
22. O-O Bf4 23. Bc4 Ne5 24. Be2 Nd7 25. Rfe1 Rd8 26. Nc4 Rde8 27. Bf1 Ne5 28.
Bg2 Ba6 29. Nab6 h5 30. gxh5 gxh5 31. Nd6 Rb8 32. Nf5 Re6 33. Kh1 Kh7 34. Qc3
Rg8 35. Rd6 Rxd6 36. Nxd6 Qe7 37. Nbc4 Nxc4 38. Nxc4 Qh4 39. Qc2 Bxc4 40. Qxc4
Rg7 41. Qe2 Be5 42. Rd1 Kh6 43. Qf3 Qg5 44. b3 Rg6 45. a3 Rf6 46. Qe3 Bf4 47.
Qd4 Be5 48. Qd2 Bf4 49. Qd3 Kg7 50. Bf3 Qh4 51. Kg1 Bg5 52. e5 Qxh3 0-1

[Event "Aberto Brasil - II Niterói Chess Open "]
[Site "Salão de Convenções do Hot"]
[Date "2022.09.03"]
[Round "4.41"]
[White "Jenidarchiche, Douglas Rodrigo"]
[Black "Marcolino, Antonio Claudio H."]
[Result "1-0"]
[WhiteElo "1826"]
[BlackElo "1996"]
[PlyCount "81"]
[EventDate "2022.09.01"]
[EventRounds "9"]
[EventCountry "BRA"]

1. d4 d5 2. c4 e6 3. Nf3 Nf6 4. g3 c5 5. cxd5 exd5 6. dxc5 Bxc5 7. Bg2 O-O 8.
O-O Nc6 9. a3 Bg4 10. b4 Bb6 11. Nc3 Re8 12. Na4 Bc7 13. Bg5 h6 14. Bxf6 Qxf6
15. Ra2 Rac8 16. Rd2 d4 17. Nc5 b6 18. Nb3 Ne5 19. Nbxd4 Nc4 20. Ra2 Red8 21.
Qa1 Ne5 22. Rd1 Re8 23. Rc2 Bb8 24. Qc1 Rxc2 25. Qxc2 Rc8 26. Qe4 Nxf3+ 27.
Bxf3 Bxf3 28. Nxf3 Qb2 29. Qe7 Rc1 30. Qd8+ Kh7 31. Rxc1 Qxc1+ 32. Kg2 Qc7 33.
Qd3+ Kg8 34. h4 Qb7 35. e4 Qe7 36. Nd4 Qd7 37. Qe3 a6 38. Nf5 b5 39. Qb6 Qa7
40. Qd8+ Kh7 41. Ne7 1-0

[Event "Aberto Brasil - II Niterói Chess Open "]
[Site "Salão de Convenções do Hot"]
[Date "2022.09.03"]
[Round "4.42"]
[White "Okamura, Milton Kasuo"]
[Black "Cardoso, Marcio De Lucca"]
[Result "1-0"]
[WhiteElo "1993"]
[BlackElo "1802"]
[PlyCount "36"]
[EventDate "2022.09.01"]
[EventRounds "9"]
[EventCountry "BRA"]

1. d4 Nf6 2. c4 e6 3. Nc3 d5 4. cxd5 exd5 5. Bg5 Nbd7 6. e3 c6 7. Bd3 Bd6 8.
Qc2 h6 9. Bh4 O-O 10. Nf3 Re8 11. O-O Nf8 12. Rae1 Bg4 13. Ne5 Bxe5 14. dxe5
Rxe5 15. f4 Re8 16. f5 Qd6 17. h3 Bh5 18. Qf2 N8d7 {Ilegivel} 1-0

[Event "Aberto Brasil - II Niterói Chess Open "]
[Site "Salão de Convenções do Hot"]
[Date "2022.09.03"]
[Round "4.43"]
[White "Cantarino Neto, Mario Ribeiro"]
[Black "Silva, Ezequiel Demetras"]
[Result "1/2-1/2"]
[WhiteElo "1973"]
[BlackElo "1807"]
[PlyCount "89"]
[EventDate "2022.09.01"]
[EventRounds "9"]
[EventCountry "BRA"]

1. d4 d5 2. c4 e6 3. Nf3 Nf6 4. Nc3 Be7 5. Bg5 O-O 6. e3 h6 7. Bxf6 Bxf6 8.
cxd5 exd5 9. Qc2 Be6 10. Bd3 Qe7 11. O-O Nd7 12. e4 dxe4 13. Nxe4 Rac8 14. Rac1
Qb4 15. a3 Qb3 16. Nxf6+ Nxf6 17. Qd2 Qd5 18. Rfe1 Qd6 19. Bb1 Rcd8 20. Qa5 Qb6
21. Qxb6 cxb6 22. Rc7 Rd7 23. Rec1 Rxc7 24. Rxc7 Bd5 25. Kf1 Re8 26. Ne5 Kf8
27. f3 Re7 28. Rxe7 Kxe7 29. Ke2 Nd7 30. Nxd7 Kxd7 31. Be4 Bc6 32. d5 Bb5+ 33.
Ke3 Kd6 34. Kd4 Bf1 35. g3 Be2 36. f4 f6 37. h4 Bh5 38. Bg2 Bf7 39. g4 g5 40.
hxg5 hxg5 41. fxg5 fxg5 42. Be4 b5 43. b4 b6 44. Bf3 a5 45. Be4 1/2-1/2

[Event "Aberto Brasil - II Niterói Chess Open "]
[Site "Salão de Convenções do Hot"]
[Date "2022.09.03"]
[Round "4.44"]
[White "Carneiro, Luis Guilherme Rosa"]
[Black "De Siqueira, Luigy Lira"]
[Result "0-1"]
[WhiteElo "1789"]
[BlackElo "1969"]
[PlyCount "74"]
[EventDate "2022.09.01"]
[EventRounds "9"]
[EventCountry "BRA"]

1. e4 e5 2. Nf3 Nc6 3. d4 exd4 4. Bc4 Nf6 5. e5 d5 6. Bb5 Ne4 7. Nxd4 Bd7 8.
Bxc6 bxc6 9. O-O Bc5 10. f3 Ng5 11. f4 Ne4 12. Be3 Bb6 13. Nc3 Nxc3 14. bxc3
O-O 15. Qd2 f6 16. e6 Bxd4 17. Bxd4 Bxe6 18. Qe3 Re8 19. Bxa7 Bg4 20. Qf2 Re2
21. Qg3 Bf5 22. Bd4 Rxc2 23. Rf2 Rxf2 24. Qxf2 Qe7 25. Qe3 Qxe3+ 26. Bxe3 Ra3
27. Bd4 Bd3 28. Kf2 Kf7 29. g4 Bc4 30. Kg3 c5 31. Bxc5 Rxc3+ 32. Kh4 h6 33. g5
hxg5+ 34. fxg5 Bxa2 35. g6+ Kxg6 36. Rg1+ Kf7 37. Bd4 g5+ 0-1

[Event "Aberto Brasil - II Niterói Chess Open "]
[Site "Salão de Convenções do Hot"]
[Date "2022.09.03"]
[Round "4.45"]
[White "Stumpf, Luis Felipe T. Cale"]
[Black "Souza Dos Santos, Matheus Garcett"]
[Result "0-1"]
[WhiteElo "1536"]
[BlackElo "1988"]
[PlyCount "68"]
[EventDate "2022.09.01"]
[EventRounds "9"]
[EventCountry "BRA"]

1. e4 e5 2. Nf3 Nc6 3. Bb5 a6 4. Ba4 Nf6 5. O-O Be7 6. Re1 b5 7. Bb3 O-O 8. c3
d6 9. h3 Na5 10. Bc2 c5 11. d4 Qc7 12. Bg5 cxd4 13. cxd4 Nc6 14. dxe5 dxe5 15.
Nc3 Rd8 16. Nd5 Nxd5 17. exd5 f6 18. Bh4 Be6 19. Bb3 Na5 20. d6 Qxd6 21. Bxe6+
Qxe6 22. Qe2 Bb4 23. Rec1 Rd7 24. a3 Bf8 25. Rc2 Nb3 26. Re1 Rad8 27. Bg3 Qd5
28. Qf1 Bc5 29. Nh2 Nd4 30. Rd2 b4 31. a4 Qb3 32. Qxa6 Qxg3 33. Qc4+ Rd5 34.
fxg3 Ne2+ 0-1

[Event "Aberto Brasil - II Niterói Chess Open "]
[Site "Salão de Convenções do Hot"]
[Date "2022.09.03"]
[Round "4.46"]
[White "Barbosa, Luiz Francisco Da S"]
[Black "Segato, Pedro Henrique Pedr"]
[Result "0-1"]
[WhiteElo "1729"]
[BlackElo "1947"]
[PlyCount "66"]
[EventDate "2022.09.01"]
[EventRounds "9"]
[EventCountry "BRA"]

1. d4 Nf6 2. Nf3 e6 3. e3 b6 4. Bd3 Bb7 5. Nbd2 d5 6. O-O Be7 7. Ne5 O-O 8. Qf3
c5 9. c3 Nbd7 10. Qh3 Re8 11. a4 c4 12. Bc2 Qc7 13. f4 Nf8 14. Qf3 N6d7 15.
Nxd7 Nxd7 16. e4 dxe4 17. Bxe4 Bxe4 18. Nxe4 Nf6 19. Nxf6+ Bxf6 20. Bd2 Rad8
21. Be1 Rd5 22. g4 Qd7 23. Bg3 Ra5 24. Qd1 Bd8 25. Re1 Bc7 26. Kf2 Rd8 27. Qc2
Qc6 28. f5 Bxg3+ 29. hxg3 exf5 30. gxf5 Qf6 31. g4 h5 32. Re5 Rxe5 33. dxe5
Qh4+ 0-1

[Event "Aberto Brasil - II Niterói Chess Open "]
[Site "Salão de Convenções do Hot"]
[Date "2022.09.03"]
[Round "4.47"]
[White "Maia, Erick De Figueiredo"]
[Black "Carvalho Jr, Celestino"]
[Result "0-1"]
[WhiteElo "1722"]
[BlackElo "1938"]
[PlyCount "139"]
[EventDate "2022.09.01"]
[EventRounds "9"]
[EventCountry "BRA"]

1. c4 Nf6 2. g3 e6 3. Bg2 d5 4. b3 Be7 5. Nf3 O-O 6. O-O c5 7. Bb2 Nc6 8. d3 d4
9. Nbd2 h6 10. a3 e5 11. Ne1 Bg4 12. h3 Be6 13. Nc2 Qd7 14. Kh2 Nh7 15. Rb1 Ng5
16. h4 Nh7 17. Bc1 a5 18. Nf3 f5 19. Bd2 Nf6 20. b4 e4 21. Ng1 axb4 22. axb4 b6
23. Nh3 Ra7 24. bxc5 bxc5 25. Rb5 Ne5 26. Bf4 Nf7 27. Qb1 g5 28. hxg5 hxg5 29.
Bb8 Ra8 30. Rb7 Qe8 31. Bc7 Bc8 32. Rb3 Qd7 33. Bb8 Kg7 34. Rh1 Ba6 35. f4 Qc8
36. Be5 Nxe5 37. fxe5 Ng4+ 38. Kg1 Nxe5 39. Qc1 Nf7 40. Na3 Qc7 41. dxe4 Rad8
42. exf5 d3 43. exd3 Qxg3 44. Nf2 Bf6 45. Rh3 Qc7 46. Nc2 Rh8 47. Ne4 Rxh3 48.
Bxh3 Rh8 49. Qf1 Be5 50. f6+ Kf8 51. Qf5 g4 52. Bg2 Bc8 53. Qf2 Rh5 54. Rb5
Bh2+ 55. Kf1 Rf5 56. Rxc5 Rxf2+ 57. Kxf2 Qf4+ 58. Ke2 Bf5 59. Nd4 Bd7 60. Rd5
Ke8 61. Nc5 Ne5 62. Nxd7 Nxd7 63. Rf5 Qxd4 64. Bc6 Kf8 65. Bd5 Nxf6 66. Rf1
Qb2+ 67. Ke3 Be5 68. Rf5 Kg7 69. Be6 Qc1+ 70. Ke2 0-1

[Event "Aberto Brasil - II Niterói Chess Open "]
[Site "Salão de Convenções do Hot"]
[Date "2022.09.03"]
[Round "4.48"]
[White "Dos Santos, Gilvan Nobrega"]
[Black "Motta, Vinicius Araujo Dia"]
[Result "1-0"]
[WhiteElo "1914"]
[BlackElo "1643"]
[PlyCount "89"]
[EventDate "2022.09.01"]
[EventRounds "9"]
[EventCountry "BRA"]

1. e4 c5 2. Nf3 e6 3. c4 Qc7 4. Nc3 a6 5. d3 Nc6 6. g3 Nf6 7. Bg2 Be7 8. O-O d6
9. d4 cxd4 10. Nxd4 Ne5 11. b3 O-O 12. Bb2 Rb8 13. Qd2 b6 14. f4 Ned7 15. e5
dxe5 16. Nc6 Bc5+ 17. Kh1 exf4 18. Nxb8 Be3 19. Qe2 Qxb8 20. Nd1 Bc5 21. Rxf4
Bb7 22. Nc3 Bxg2+ 23. Qxg2 Rd8 24. Ne4 Nxe4 25. Qxe4 Qd6 26. Rff1 f5 27. Qg2 g6
28. Rad1 Qc7 29. Rd3 Nb8 30. Rfd1 Rxd3 31. Rxd3 Nc6 32. a3 Ne5 33. Rd2 Ng4 34.
h3 Ne3 35. Qf3 e5 36. b4 e4 37. Qf4 Qxf4 38. gxf4 Nxc4 39. bxc5 e3 40. Rc2 Nd2
41. Bc1 Ne4 42. cxb6 Ng3+ 43. Kg2 e2 44. Kf2 Ne4+ 45. Kxe2 1-0

[Event "Aberto Brasil - II Niterói Chess Open "]
[Site "Salão de Convenções do Hot"]
[Date "2022.09.03"]
[Round "4.49"]
[White "Pereira, Arthur Macedo"]
[Black "Da Silva, Jose Almir Martins"]
[Result "1-0"]
[WhiteElo "1703"]
[BlackElo "1912"]
[PlyCount "61"]
[EventDate "2022.09.01"]
[EventRounds "9"]
[EventCountry "BRA"]

1. c4 Nf6 2. Nc3 d5 3. cxd5 Nxd5 4. Nf3 Nxc3 5. bxc3 e6 6. d4 Be7 7. Bf4 O-O 8.
e3 Nd7 9. Bd3 c5 10. O-O f5 11. h3 g5 12. Bh2 h5 13. Ne5 Nxe5 14. Bxe5 Bf6 15.
Bxf6 Qxf6 16. Qxh5 Bd7 17. f4 g4 18. hxg4 Be8 19. Qh3 Rf7 20. g5 Qg6 21. Kf2
Rh7 22. Qg3 b5 23. Rh1 c4 24. Be2 Bc6 25. Bf3 Bxf3 26. Qxf3 Rd8 27. Qc6 Qe8 28.
Qxe8+ Rxe8 29. Rxh7 Kxh7 30. Rb1 a5 31. Rxb5 1-0

[Event "Aberto Brasil - II Niterói Chess Open "]
[Site "Salão de Convenções do Hot"]
[Date "2022.09.03"]
[Round "4.50"]
[White "Montanu, Dan-Vladimir"]
[Black "Pereira, Armando Scharlau"]
[Result "1-0"]
[WhiteElo "1894"]
[BlackElo "1604"]
[PlyCount "73"]
[EventDate "2022.09.01"]
[EventRounds "9"]
[EventCountry "BRA"]

1. d4 c5 2. d5 d6 3. c4 g6 4. Nc3 Bg7 5. Bd2 Nf6 6. e4 O-O 7. Bd3 Na6 8. Nf3
Nc7 9. O-O a6 10. a4 b6 11. Qe2 e5 12. Ne1 Nh5 13. g3 a5 14. Ng2 Nf6 15. Rae1
Bh3 16. f3 h6 17. Rf2 Nh7 18. g4 Bxg2 19. Rxg2 Ng5 20. Rg3 Bf6 21. Rf1 Kg7 22.
Qg2 Nh7 23. Ne2 Bh4 24. Rh3 Bg5 25. f4 exf4 26. Nxf4 Bf6 27. Rxh6 Be5 28. h4
Qe7 29. g5 Na6 30. b3 Nb4 31. Bb1 Rae8 32. Rf3 Bd4+ 33. Kh1 Be5 34. Rg3 Rg8 35.
h5 Nxg5 36. Rxg5 Kxh6 37. Nxg6 1-0

[Event "Aberto Brasil - II Niterói Chess Open "]
[Site "Salão de Convenções do Hot"]
[Date "2022.09.03"]
[Round "4.51"]
[White "Fernandes, Joao Manoel Strauss"]
[Black "Saraiva, Alexandre Pacheco"]
[Result "1/2-1/2"]
[WhiteElo "1688"]
[BlackElo "1882"]
[PlyCount "93"]
[EventDate "2022.09.01"]
[EventRounds "9"]
[EventCountry "BRA"]

1. e4 c5 2. Nf3 d6 3. d4 cxd4 4. Nxd4 Nf6 5. Nc3 a6 6. h3 e5 7. Nde2 Be7 8. g4
h6 9. Bg2 Nbd7 10. O-O b5 11. a4 bxa4 12. Ng3 g6 13. Be3 Bb7 14. Nxa4 Qc7 15.
Qd2 h5 16. g5 Nh7 17. h4 O-O 18. Bh3 Rac8 19. Qe2 Rfd8 20. Nc3 Nhf8 21. Nxh5
gxh5 22. Qxh5 Ng6 23. Bf5 Ndf8 24. Bxc8 Qxc8 25. Kh2 Ne6 26. Qg4 Nef4 27. Qxc8
Rxc8 28. Kg3 Rc4 29. f3 d5 30. exd5 Nxd5 31. Nxd5 Bxd5 32. Rfd1 Be6 33. Rxa6
Rxh4 34. Ra7 Rh3+ 35. Kg2 Kg7 36. Rh1 Nh4+ 37. Kg1 Nxf3+ 38. Kg2 Rxh1 39. Rxe7
Rh2+ 40. Kxf3 Rxc2 41. b4 Rc4 42. b5 Rb4 43. b6 Kg6 44. Rc7 Kf5 45. Rc1 Bd5+
46. Kf2 Ke4 47. Re1 1/2-1/2